| 000 | 00413nmm a2200145Ia 4500 | ||
|---|---|---|---|
| 008 | 251105s9999||||xx |||||||||||||||||und|| | ||
| 041 | _aspa | ||
| 100 | _aRamírez Fuentes, Yesenia | ||
| 245 | 0 | _aIn Vitro | |
| 264 |
_a[Santiago de Chile, Chile] : _bRil editores, _c2025 |
||
| 300 | _a58 páginas | ||
| 650 | _aLatin American poetry | ||
| 856 | _uhttps://public.digitaliapublishing.com/a/180161 | ||
| 942 | _cCF | ||
| 999 |
_c106952 _d106952 |
||